Online
Catalog
Normal view MARC view

Entry Nombre de reunión

Number of records used in: 6

001 - NÚMERO DE CONTROL

  • campo de control: 82368

003 - IDENTIFICADOR DEL NÚMERO DE CONTROL

  • campo de control: DO-SdBNP

005 - FECHA Y HORA DE LA ÚLTIMA TRANSACCIÓN

  • campo de control: 20220915084832.0

008 - DATOS DE LONGITUD FIJA

  • campo de control de longitud fija: 220915|| aca||aabn | a|a d

040 ## - FUENTE DE LA CATALOGACIÓN

  • Centro catalogador/agencia de origen: DO-SdBNP
  • Centro/agencia transcriptor: DO-SdBNP

111 ## - ENCABEZAMIENTO--NOMBRE DE CONGRESO/REUNIÓN

  • Nombre de congreso/reunión o jurisdicción como elemento de entrada: Feria Internacional del Libro
  • Sede del congreso/Lugar de la reunión: Santo Domingo, República Dominicana)
  • Fecha del congreso/reunión: (1984:
  • Subdivisión general: Pedro Heríquez Ureña

670 ## - FUENTE DE DATOS ENCONTRADOS

  • Cita de la fuente: Work cat.: (DO-SdBNP)52398: Feria Nacional del Libro (XIIª : 1984: Santo Domingo) 82367, VII feria nacional del libro:, Comisión Organizadora Permanente de la Feria Nacional del Libro

Powered by Koha